Länder, die mit K beginnen - Statistiken

Allgemein
  • Dieses Quiz wurde 55 mal gespielt
  • Das Durchschnittsergebnis liegt bei 11 aus 15
Antwortstatistiken
Land % Korrekt
Kanada
98%
Kirgisistan
91%
Kasachstan
87%
Kolumbien
85%
Kambodscha
76%
Kamerun
76%
Kroatien
76%
Komoren
74%
Kenia
72%
Kiribati
67%
Kuba
67%
Kuwait
67%
Kap Verde
61%
Kosovo
57%
Katar
50%
Keine übereinstimmenden Quizze gefunden
Verteilung der Resultate
Anzahl Personen mit jedem Resultat
Perzentil nach korrekt beantworteten Fragen
Ihre Resultats-Entwicklung
Sie haben dieses Quiz noch nicht gespielt